Ingmar granstedt l'impasse industrielle

Αποθηκεύτηκε σε:
Λεπτομέρειες βιβλιογραφικής εγγραφής
Κύριος συγγραφέας: Granstedt, Ingmar
Μορφή: Βιβλίο
Γλώσσα:Undetermined
Έκδοση: Paris Seuil 1980
Θέματα:
Ετικέτες: Προσθήκη ετικέτας
Δεν υπάρχουν, Καταχωρήστε ετικέτα πρώτοι!
Thư viện lưu trữ: Trung tâm Học liệu Trường Đại học Cần Thơ
LEADER 00471nam a2200169Ia 4500
001 CTU_77823
008 210402s9999 xx 000 0 und d
082 |a 338 
082 |b G759 
100 |a Granstedt, Ingmar 
245 0 |a Ingmar granstedt l'impasse industrielle 
245 0 |c Ingmar Granstedt 
260 |a Paris 
260 |b Seuil 
260 |c 1980 
650 |a Industrial organization,Industrialization 
980 |a Trung tâm Học liệu Trường Đại học Cần Thơ